Central Library OPAC University of Rajshahi

A history of fine arts in India and the West / (Record no. 80125)

MARC details
000 -LEADER
fixed length control field 00723nam a2200253 a 4500
001 - CONTROL NUMBER
control field 80125
003 - CONTROL NUMBER IDENTIFIER
rucl marc code BD-RjUL
005 - DATE AND TIME OF LATEST TRANSACTION
control field 20220726162633.0
008 - FIXED-LENGTH DATA ELEMENTS--GENERAL INFORMATION
fixed length control field 220726r20201982ii abf b 001 0 eng
020 ## - INTERNATIONAL STANDARD BOOK NUMBER
International Standard Book Number 9788125007029
035 ## - SYSTEM CONTROL NUMBER
System control number (BD-RjUL)80125
040 ## - CATALOGING SOURCE
Original cataloging agency DLC
Transcribing agency DLC
Modifying agency BD-RjUL
Language of cataloging eng
041 ## - LANGUAGE CODE
Language code of text/sound track or separate title eng
082 00 - DEWEY DECIMAL CLASSIFICATION NUMBER
Edition number 23
Classification number 709
Author mark and year TOH 2020
100 1# - MAIN ENTRY--PERSONAL NAME
Personal name Tömöry, Edith.
9 (RLIN) 4142
245 12 - TITLE STATEMENT
Title A history of fine arts in India and the West /
Statement of responsibility, etc. by Edith Tömöry.
260 ## - PUBLICATION, DISTRIBUTION, ETC. (IMPRINT)
Place of publication, distribution, etc. Noida ;
-- Hyderabad:
Name of publisher, distributor, etc. Orient Longman,
Date of publication, distribution, etc. c1982 [reprint2020]
300 ## - PHYSICAL DESCRIPTION
Pagination xx, 532 p.:
Illustrations ill.;
Size 25 cm.
500 ## - GENERAL NOTE
General note Includes index.
504 ## - BIBLIOGRAPHY, ETC. NOTE
Bibliography, etc Bibliography: p. [505]-508.
650 #0 - SUBJECT ADDED ENTRY--TOPICAL TERM
Topical term or geographic name as entry element Art, Indic.
9 (RLIN) 4143
Topical term or geographic name as entry element Art.
942 ## - ADDED ENTRY ELEMENTS (KOHA)
Source of classification or shelving scheme Dewey Decimal Classification
Koha item type Books
Holdings
Lost status Source of classification or shelving scheme Damaged status Not for loan Collection code Permanent Location Current Location Shelving location Date acquired Source of acquisition Cost, normal purchase price Total Checkouts Full call number Date last seen Copy number Koha item type
  Dewey Decimal Classification   Not For Loan Non-fiction Central Library, University of Rajshahi Central Library, University of Rajshahi Reading Room 30/05/2022 Dhaka: BM Book 1272.00   709 TOH 2020 26/07/2022 C-1 Books
  Dewey Decimal Classification     Non-fiction Central Library, University of Rajshahi Central Library, University of Rajshahi General Stacks 30/05/2022 Dhaka: BM Book 1272.00   709 TOH 2020 26/07/2022 C-2 Books